Score 0/50 Timer 01:00
0 Plays Today
Word % Correct
Top in command
100%
To go first
99.9%
To make a loan
99.9%
A group of cattle
99.9%
████████████
99.9%
████████████
99.9%
Shape into an angle
99.9%
Difficult
99.9%
The cards you hold
99.9%
Group of musicians
99.9%
Lacking hair
99.9%
Brave
99.9%
████████████
99.9%
████████████
99.9%
████████████
99.9%
████████████
99.9%
Deadly poison
99.9%
████████████
99.9%
████████████
99.9%
Heartless
99.9%
████████████
99.9%
████████████
99.9%
████████████
99.9%
████████████
99.9%
████████████
99.9%
Word % Correct
████████████
99.9%
████████████
99.9%
████████████
99.9%
████████████
99.9%
████████████
99.9%
████████████
99.9%
████████████
99.9%
Walking stick
99.9%
Shape of a funnel
99.9%
Hardy cabbage
99.9%
HARD
92.2%
BALD
91%
BAND
90.9%
HAND
87.7%
HERD
87.2%
LEND
75%
BOLD
72.6%
CANE
71.3%
LEAD
70.4%
BEND
69.9%
CONE
66.6%
HEAD
65.3%
COLD
58%
BANE
52%
COLE
40.8%

You're not logged in!

Compare scores with friends on all Sporcle quizzes.
OR
Log In

Sporcle TV

Today on Sporcle TV


Watch our educational content, quiz creation guides, and fun videos on Sporcle TV.

Show Comments

Extras

Top Quizzes Today


Score Distribution

Paid Content

Your Account Isn't Verified!

In order to create a playlist on Sporcle, you need to verify the email address you used during registration. Go to your Sporcle Settings to finish the process.

Report this User

Report this user for behavior that violates our Community Guidelines.

Details: